01014nam a2200241 a 450000100100000000500170001000800410002702000150006804000250008308200200010810000310012824500290015926000420018830000200023050000620025065000280031265000310034004900090037195201330038095201180051395201240063199900170075500002559220240412074252.0110218s2003 dr 000 p spa d a9945130021 aDO-SdBNPbspacBNPHU aRD861.44bD249c1 aLeón Davidd1945-98493010aCarmina /cLeón David. aSanto Domingo :bMediabyte,c[2003?]. a37 p. ;c22 cm. aIncluye datos biográficos del autor en la contraportada 0aPoesía dominicana966 0aLiteratura dominicana.967 aBNPD 001054708DSaGRbGRcCTd2011-02-18iLF1l0oRD861.44 D249cp25592-30r2020-06-25te. 3w2020-06-25yLFDSZPréstamo en sala 0010718PDaPDbPDcCTd2011-02-18iLF1l0oRD861.44 D249cp25592-10r2020-06-25w2020-06-25yLFPDZNo se presta 0010718PDaPDbPDcCTd2011-02-18iLF1l0oRD861.44 D249cp25592-20r2020-06-25te. 2w2020-06-25yLFPDZNo se presta c25084d25084